|
|
|
|
| LEADER |
02623nam a22004815i 4500 |
| 001 |
978-94-017-9579-1 |
| 003 |
DE-He213 |
| 005 |
20151204163752.0 |
| 007 |
cr nn 008mamaa |
| 008 |
150406s2015 ne | s |||| 0|eng d |
| 020 |
|
|
|a 9789401795791
|9 978-94-017-9579-1
|
| 024 |
7 |
|
|a 10.1007/978-94-017-9579-1
|2 doi
|
| 040 |
|
|
|d GrThAP
|
| 050 |
|
4 |
|a R723-723.7
|
| 072 |
|
7 |
|a HP
|2 bicssc
|
| 072 |
|
7 |
|a MED050000
|2 bisacsh
|
| 082 |
0 |
4 |
|a 610.1
|2 23
|
| 100 |
1 |
|
|a Sadegh-Zadeh, Kazem.
|e author.
|
| 245 |
1 |
0 |
|a Handbook of Analytic Philosophy of Medicine
|h [electronic resource] /
|c by Kazem Sadegh-Zadeh.
|
| 250 |
|
|
|a 2nd ed. 2015.
|
| 264 |
|
1 |
|a Dordrecht :
|b Springer Netherlands :
|b Imprint: Springer,
|c 2015.
|
| 300 |
|
|
|a XXXVIII, 1224 p. 120 illus.
|b online resource.
|
| 336 |
|
|
|a text
|b txt
|2 rdacontent
|
| 337 |
|
|
|a computer
|b c
|2 rdamedia
|
| 338 |
|
|
|a online resource
|b cr
|2 rdacarrier
|
| 347 |
|
|
|a text file
|b PDF
|2 rda
|
| 490 |
1 |
|
|a Philosophy and Medicine,
|x 0376-7418 ;
|v 119
|
| 520 |
|
|
|a Medical practice is practiced morality, and clinical research belongs to normative ethics. The present book elucidates and advances this thesis by: 1. analyzing the structure of medical language, knowledge, and theories; 2. inquiring into the foundations of the clinical encounter; 3. introducing the logic and methodology of clinical decision-making, including artificial intelligence in medicine; 4. suggesting comprehensive theories of organism, life, and psyche; of health, illness, and disease; of etiology, diagnosis, prognosis, prevention, and therapy; and 5. investigating the moral and metaphysical issues central to medical practice and research. Many systems of (classical, modal, non-classical, probability, and fuzzy) logic are introduced and applied. Fuzzy medical deontics, fuzzy medical ontology, fuzzy medical concept formation, fuzzy medical decision-making and biomedicine and many other techniques of fuzzification in medicine are introduced for the first time.
|
| 650 |
|
0 |
|a Philosophy.
|
| 650 |
|
0 |
|a Medicine
|x Philosophy.
|
| 650 |
|
0 |
|a Medicine.
|
| 650 |
|
0 |
|a Bioinformatics.
|
| 650 |
1 |
4 |
|a Philosophy.
|
| 650 |
2 |
4 |
|a Philosophy of Medicine.
|
| 650 |
2 |
4 |
|a Medicine/Public Health, general.
|
| 650 |
2 |
4 |
|a Computational Biology/Bioinformatics.
|
| 710 |
2 |
|
|a SpringerLink (Online service)
|
| 773 |
0 |
|
|t Springer eBooks
|
| 776 |
0 |
8 |
|i Printed edition:
|z 9789401795784
|
| 830 |
|
0 |
|a Philosophy and Medicine,
|x 0376-7418 ;
|v 119
|
| 856 |
4 |
0 |
|u http://dx.doi.org/10.1007/978-94-017-9579-1
|z Full Text via HEAL-Link
|
| 912 |
|
|
|a ZDB-2-SHU
|
| 950 |
|
|
|a Humanities, Social Sciences and Law (Springer-11648)
|